Computational fluid dynamics : March 24-28, 1980.

Bibliographic Details
Corporate Author: Von Karman Institute for Fluid Dynamics
Format: Book
Language:English
Published: Rhode-Saint-Genese, Belgium : Von Karman Institute for Fluid Dynamics, 1980.
Series:Lecture series (Von Karman Institute for Fluid Dynamics) ; 1980-5.
Subjects:

MARC

Tag First Indicator Second Indicator Subfields
LEADER 00000cam a2200000 a 4500
001 in00000073791
005 20151008054714.0
008 801128s1980 be a b 00000 eng d
035 |a (OCoLC)06984239 
035 |9 AAJ1440AM 
040 |a VPI  |c VPI  |d m.c.  |d TXA  |d UtOrBLW 
049 |a TXAM  |v 1 [1654886]  |v 2 [1654887] 
090 |a TA357  |b .C5879 
245 0 0 |a Computational fluid dynamics :  |b March 24-28, 1980. 
264 1 |a Rhode-Saint-Genese, Belgium :  |b Von Karman Institute for Fluid Dynamics,  |c 1980. 
300 |a 2 volumes :  |b illustrations ;  |c 29 cm. 
336 |a text  |b txt  |2 rdacontent 
337 |a unmediated  |b n  |2 rdamedia 
338 |a volume  |b nc  |2 rdacarrier 
490 1 |a Lecture series / Von Karman Institute for Fluid Dynamics,  |v 1980-5 
504 |a Includes bibliographical references. 
650 0 |a Fluid dynamics  |x Mathematical models. 
710 2 |a Von Karman Institute for Fluid Dynamics. 
830 0 |a Lecture series (Von Karman Institute for Fluid Dynamics) ;  |v 1980-5. 
999 |a MARS 
999 f f |s 6a24df12-cbb8-3730-8e3f-eb7162ae7857  |i dd84ee26-f833-33f7-b114-6bfb572455fd  |t 0 
952 f f |p ric  |a Texas A&M University  |b Rellis Campus  |c Joint Library Facility  |d Remote Storage  |t 0  |e TA357 .C5879  |h Library of Congress classification  |i unmediated -- volume  |k v.1  |m A14806241635 
952 f f |p ric  |a Texas A&M University  |b Rellis Campus  |c Joint Library Facility  |d Remote Storage  |t 0  |e TA357 .C5879  |h Library of Congress classification  |i unmediated -- volume  |k v.2  |m A14806241643 
952 f f |a Texas A&M University  |b College Station  |c Sterling C. Evans Library  |d Evans: Library Stacks  |t 0  |e TA357 .C5879  |h Library of Congress classification 
998 f f |a TA357 .C5879  |s v.1-2  |t 0  |l Remote Storage 
998 f f |a TA357 .C5879  |s v.2  |t 0  |l Evans: Library Stacks